Statistics for Manchester United scorers in Premier League 2015-2016

Click here to take the quiz!

General Stats

  • This quiz has been taken 657 times
    (580 since last reset)
  • The average score is 10 of 14

Answer Stats

PlayerGoals% Correct
Wayne Rooney8
98%
Anthony Martial11
93%
Juan Mata6
91%
Marcus Rashford5
89%
Ander Herrera3
75%
Jesse Lingard4
70%
Daley Blind1
69%
Marouane Fellaini1
69%
Ashley Young1
68%
Memphis Depay2
60%
Bastian Schweinsteiger1
50%
Mateo Darmian1
49%
Morgan Schneiderlin1
45%
Adnan Januzaj1
27%

Score Distribution

Percentile by Number Answered

Percent of People with Each Score

Your Score History

You have not taken this quiz since the last reset